000 00332 a2200157 4500
001 192599
020 _a978-960-403-390-4
040 _cMagnum
100 _aHeath, Jennifer
240 1 0 _aThe ugly duckling
_lING
245 1 0 _aThe ugly duckling
300 _a35
362 0 _a2006
697 _aLITERATURA INGLESA
942 _cBK
999 _c192599
_d192599